000 00793nam a22001937a 4500
003 OSt
005 20260122194549.0
008 230317b ||||| |||| 00| 0 eng d
040 _cOst
041 _ashan
082 _a375
245 _aပပ်ႉႁဵၼ်းလိၵ်ႈတႆးမႂ်ႇၸၼ်ႉသွင်။
_cပိုၼ်ဢွၵ်ႇလုမ်းၽၢႆႇပၼ်ႇၺႃႇမိူင်းတႆး
260 _aတွင်ႇၵျီး
_bၶုၼ်လူင်ၽၢႆႇပၼ်ႇၺႃႇၸိုင်ႈတႆး
_c1961
300 _aၺ၊ 95 ၼႃႈ
_bႁၢင်ႈ
_c21 ၸိၼ်ႇထီႇ
500 _aS-SAT: Dr. Prof Sai Aung Tun
650 _aပပ်ႉၵၢၼ်ႁဵၼ်း
_97196
942 _cBK
942 _2ddc
999 _c23387
_d23387